[Event "Condom op 5th"]
[Site "Condom"]
[Date "2006.07.13"]
[Round "7"]
[White "Vanderhallen, Nicolas"]
[Black "Sanchez, Joseph"]
[Result "0-1"]
[WhiteElo "2189"]
[BlackElo "2466"]
[PlyCount "66"]
[EventDate "2006.07.08"]
[EventType "swiss"]
[EventRounds "9"]
[EventCountry "FRA"]
[SourceTitle "CBM 113 Extra"]
[Source "ChessBase"]
[SourceDate "2006.09.14"]
[SourceVersion "1"]
[SourceVersionDate "2006.09.14"]
[SourceQuality "1"]

1. d4 Nf6 2. c4 c6 3. Nc3 d5 4. Nf3 a6 5. c5 Nbd7 6. Bf4 Nh5 7. e3 g6 8. h4 Bg7 9. Bh2 b6 10. cxb6 Qxb6 11. Qd2 0-0 12. Be2 Nhf6 13. Ne5 c5 14. Nxd7 Bxd7 15. Be5 Bc6 16. 0-0 Rfd8 17. Rac1 Qb7 18. Qc2 cxd4 19. Nd1 Rac8 20. exd4 Ba4 21. Qb1 Ne4 22. Bxg7 Kxg7 23. Rxc8 Rxc8 24. b3 e6 25. Qb2 Bb5 26. Bxb5 Qxb5 27. f3 Ng3 28. Rf2 Nf5 29. h5 Qb6 30. hxg6 hxg6 31. Rd2 e5 32. Nc3 Nxd4 33. Nxd5 Nxf3+ 0-1

[Event "Condom op 5th"]
[Site "Condom"]
[Date "2006.07.12"]
[Round "6"]
[White "Vanderhallen, Nicolas"]
[Black "Lacroix, Romain"]
[Result "1-0"]
[WhiteElo "2189"]
[BlackElo "2075"]
[PlyCount "71"]
[EventDate "2006.07.08"]
[EventType "swiss"]
[EventRounds "9"]
[EventCountry "FRA"]
[SourceTitle "CBM 113 Extra"]
[Source "ChessBase"]
[SourceDate "2006.09.14"]
[SourceVersion "1"]
[SourceVersionDate "2006.09.14"]
[SourceQuality "1"]

1. d4 d5 2. c4 c6 3. Nc3 Nf6 4. Nf3 e6 5. Bg5 h6 6. Bxf6 Qxf6 7. g3 Nd7 8. Bg2 dxc4 9. 0-0 Be7 10. Ne4 Qf5 11. Ned2 Qb5 12. Qc2 c3 13. bxc3 e5 14. Rab1 Qa6 15. dxe5 Nc5 16. Nd4 Be6 17. N2b3 Bxb3 18. axb3 0-0 19. b4 Nd7 20. e6 Ne5 21. exf7+ Nxf7 22. Ne6 Rfc8 23. Rfd1 Qc4 24. Qg6 Bf6 25. Nc5 Qxe2 26. Ne4 Be7 27. Qe6 Re8 28. Rd7 Kf8 29. Rxb7 Qh5 30. Qxc6 Ne5 31. Qb5 Nf3+ 32. Bxf3 Qxf3 33. Nc5 Qxc3 34. Ne6+ Kg8 35. Nc7 Qc2 36. Rf1 1-0